000 00705nam a2200205Ia 4500
005 20250103123327.0
008 008 250103s9999 xx 000 0 hin d
020 _a978-93-5518-854-0
037 _aTB
040 _aCRL
_bhin
_cCRL
041 _ahin
_2hin
084 _aNW44 152R3
_qCRL
100 _aपण्डित, मृदुला, ले.
245 0 _aसिनेमा और यथार्थ
_cपण्डित, मृदुला, ले.
260 _aनई दिल्ली, भारत
_bवाणी प्रकाशन
_c2023
300 _a235पृ0
650 _aललित कला
_9156314
942 _cTB
_hNW44 152R3
999 _c1234382
_d1234382